Gray's Anatomy for students / (رقم التسجيلة. 42746)
[ عرض عادي ]
| 000 -الفاتح | |
|---|---|
| حقل البيانات ثابتة الطول | 01338cam a2200361Ii 4500 |
| 001 - رقم الضبط | |
| رقم الضبط | 877978223 |
| 003 - محدد رقم الضبط | |
| رقم الضبط | OCoLC |
| 005 - وقت وتاريخ اخر تعامل مع التسجيلة | |
| رقم الضبط | 20190820144945.0 |
| 008 - عناصر البيانات ثابتة الطول - معلومات عامة | |
| حقل البيانات ثابتة الطول | 140423t20152015paua 001 0 eng d |
| 020 ## - الرقم الدولى المعيارى للكتب | |
| الرقم الدولى المعيارى للكتاب | 9780702051319 (3rd ed.) |
| 020 ## - الرقم الدولى المعيارى للكتب | |
| الرقم الدولى المعيارى للكتاب | 0702051314 (3rd ed.) |
| 020 ## - الرقم الدولى المعيارى للكتب | |
| الرقم الدولى المعيارى للكتاب | 9780323611046 |
| 020 ## - الرقم الدولى المعيارى للكتب | |
| الرقم الدولى المعيارى للكتاب | 9780702051326 (International ed.) |
| 020 ## - الرقم الدولى المعيارى للكتب | |
| الرقم الدولى المعيارى للكتاب | 0702051322 (International ed.) |
| 040 ## - مصدر الفهرسة | |
| وكالة الفهرسة الأصلية | CUS |
| لغة الفهرسة | eng |
| قواعد الوصف | rda |
| وكالة النسخ | CUS |
| وكالة التعديل | DAC |
| -- | OCLCO |
| -- | KIJ |
| -- | KSU |
| -- | UtOrBLW |
| 050 #4 - رقم طلب مكتبة الكونجرس | |
| رقم التصنيف | QM23.2 |
| رقم المادة | .D73 2015 |
| 060 #4 - رقم الطلب بالمكتبة الطبية الوطنية | |
| رقم التصنيف | QS 4 D762g 2015 |
| 082 04 - رقم تصنيف ديوى العشرى | |
| رقم التصنيف | 612 |
| رقم الطبعة | 23 |
| رقم المادة | DRG |
| 100 1# - المدخل الرئيسى - إسم شخصى | |
| الإسم الشخصى | Drake, Richard L. |
| الشكل الأكمل للاسم | (Richard Lee), |
| التواريخ المصاحبة للاسم | 1950- |
| الدور | author |
| 9 (RLIN) | 64806 |
| 240 10 - العنوان الموحد | |
| عنوان موحد | <a href="Gray's Anatomy for students (2015)">Gray's Anatomy for students (2015)</a> |
| 245 10 - بيان العنوان | |
| العنوان | Gray's Anatomy for students / |
| بيان المسئوليه,etc | Richard L. Drake, A. Wayne Vogl, Adam W. M. Mitchell ; illustrations by Richard Tibbitts and Paul Richardson ; photographs by Ansell Horn |
| 246 30 - العنوان الموازى | |
| عنوان صحيح/عنوان مختصر | Anatomy for students |
| 250 ## - بيان الطبعة | |
| بيان الطبعة | Third edition, international edition |
| 300 ## - الوصف المادى | |
| التعداد | xxv, 1,161 pages : |
| تفاصيل ماديه اخرى للوعاء | illustrations (chiefly color) ; |
| أبعاد الوعاء | 28 cm |
| 500 ## - تبصرة عامة | |
| تبصرة عامة | Includes index |
| 500 ## - تبصرة عامة | |
| تبصرة عامة | Previously published: 2010 |
| 650 #0 - المدخل الاضافى بالموضوع-مصطلح موضوعى | |
| مصطلح موضوعي أو اسم جغرافي كعنصر مدخل | Human anatomy |
| 9 (RLIN) | 64807 |
| 650 #2 - المدخل الاضافى بالموضوع-مصطلح موضوعى | |
| مصطلح موضوعي أو اسم جغرافي كعنصر مدخل | Anatomy |
| 9 (RLIN) | 64808 |
| 700 1# - المدخل الاضافى - اسم شخصى | |
| الإسم الشخصى | Vogl, Wayne, |
| الدور | author |
| 9 (RLIN) | 64809 |
| 700 1# - المدخل الاضافى - اسم شخصى | |
| الإسم الشخصى | Mitchell, Adam W. M., |
| الدور | author |
| 9 (RLIN) | 13926 |
| 700 1# - المدخل الاضافى - اسم شخصى | |
| الإسم الشخصى | Gray, Henry, |
| التواريخ المصاحبة للاسم | 1825-1861. |
| عنوان العمل | Anatomy |
| 9 (RLIN) | 64810 |
| 942 ## - عناصر المدخل الإضافي( كوها) | |
| مصدر التصنيف او مخطط الترفيف | Dewey Decimal Classification |
| Koha [default] item type | كتاب |
| حالة الفقد | نموذج السعر الفعال | حالة تلف | ليس للاعارة | رقم الطلب | تاريخ الاكتساب | الموقع الحالي | الباركود | الفرع الرئيسي | Date last checked out | Date last seen | مُعار | نوع المادة فى نظام كوها | مصدر التصنيف او خطة الترفيف | Total Checkouts |
|---|---|---|---|---|---|---|---|---|---|---|---|---|---|---|
| 2018-09-04 | 612 DRG | 2018-09-04 | المكتبة المركزية بالمجمعة (CL) | 00657629 | المكتبة المركزية بالمجمعة (CL) | 2022-03-02 | 2022-03-02 | 2022-04-01 | كتاب | Dewey Decimal Classification | 2 | |||
| 2018-09-04 | 612 DRG | 2018-09-04 | المكتبة المركزية بالمجمعة (CL) | 00657630 | المكتبة المركزية بالمجمعة (CL) | 2024-11-07 | 2024-11-07 | كتاب | Dewey Decimal Classification | 3 | ||||
| 2019-08-20 | 612 DRG | 2019-08-20 | مكتبة كلية العلوم الطبية التطبيقية بالمجمعة - طالبات (AMF) | 00157236 | مكتبة كلية العلوم الطبية التطبيقية بالمجمعة - طالبات (AMF) | 2023-08-28 | 2023-09-27 | كتاب | Dewey Decimal Classification | 2 | ||||
| 2019-08-20 | 612 DRG | 2019-08-20 | مكتبة كلية العلوم الطبية التطبيقية بالمجمعة - طالبات (AMF) | 00157237 | مكتبة كلية العلوم الطبية التطبيقية بالمجمعة - طالبات (AMF) | 2021-03-29 | 2021-04-04 | كتاب | Dewey Decimal Classification | 1 |
